Statistics for Hrvatska na V

Click here to take the quiz!

General Stats

  • This quiz has been taken 874 times
  • The average score is 9 of 16

Answer Stats

HintAnswer% Correct
Podravkin proizvod u prodaji u više od 40 zemaljaVegeta
87%
Zaštitnik Dubrovnika; sveti...Vlaho
87%
Grad čiji je gradonačelnik Ivan PenavaVukovar
83%
Grad iz kojeg je gore spomenuta tvrtkaVaraždin
78%
Zagrebački bend čiji frontmen želi da mu samo staneš na prsteVatra
78%
Podravski grad, dom dvorca PejačevićVirovitica
74%
Tekstilna tvrtka osnovana 1948Varteks
73%
Rimska CibaliaVinkovci
68%
Otvoria je fast food porid fast fooda, pa se pita kako toVojko V
68%
U hitu iz 1994, u sobi punoj dima po cijele dane lažeVanna
49%
Zagrebački kvart, dom Filozofskog fakultetaVrbik
37%
Ćosić ga prozvao sinjskim dijamantom (prezime)Vukušić (Ante)
37%
Istarski grad s 17% talijanskim stanovništvomVodnjan
25%
Najviši vrh VelebitaVaganjski vrh
24%
Rođen hvaranin, kasnije argentinac, izumitelj daktiloskopije. Ivan...Vučetić
24%
Selo kod Ogulina poznato po uzgoju riječne ribe, ugl. pastrveVitunj
4%

Score Distribution

Percentile by Number Answered

Percent of People with Each Score

Your Score History

You have not taken this quiz